00484nam a2200157Ia 4500003000500000005001700005008004100022020001800063050002100081100002000102245007100122250001700193260004200210300004100252500003300293PILC20160301131813.0140609s9999 xx 000 0 und d a9789812533333 aGE 70b.R38 2010 aRaven, Peter H. aEnvironment /cPeter H. Raven, Linda R. Berg, David M. Hassenzahl, a7th edition. aNew jersey :bJ. Wiley & Sons,c2010. a589 pages :billustrations ;c26 cm. aIncludes glossary and index.